000 03820cam a2200697 i 4500
001 22700388
003 NUST
005 20220827161635.0
008 220718t20212021nyua b 001 0 eng d
010 _a 2022276103
020 _a9780062887672
020 _a006288767X
035 _a(OCoLC)on1244277920
038 _aAzhar
040 _aTOH
_beng
_cTOH
_erda
_dBDX
_dYDX
_dAZD
_dOCLCO
_dHBP
_dOCLCO
_dOCLCF
_dJTH
_dCDX
_dOCLCO
_dILC
_dUAP
_dGSU
_dOCLCO
_dGYG
_dDLC
042 _alccopycat
043 _an-us---
_an-us-md
050 0 0 _aE855
_b.G375 2021
082 0 4 _a973.924
_223
_bGAR
100 1 _aGarten, Jeffrey E.,
_d1946-
_eauthor.
_994653
245 1 0 _aThree days at Camp David :
_bhow a secret meeting in 1971 transformed the global economy
_cJeffrey E. Garten.
246 3 _a3 days at Camp David
250 _aFirst edition.
260 _aNew York, NY :
_bHarper, an imprint of HarperCollins Publishers,
_c[2021]
300 _a435 pages :
_billustrations ;
_c24 cm
336 _atext
_btxt
_2rdacontent
336 _astill image
_bsti
_2rdacontent
337 _aunmediated
_bn
_2rdamedia
338 _avolume
_bnc
_2rdacarrier
386 _aMen
_2lcdgt
386 _aUniversity and college faculty members
_2lcdgt
504 _aIncludes bibliographical references (pages 387-424) and index.
505 0 0 _tIntroduction --
_tCurtain up.
_tRichard Nixon ascending ;
_tThe economic crisis ;
_tA run on the dollar? --
_tThe cast.
_tRichard M. Nixon ;
_tJohn B. Connally Jr. ;
_tPaul A. Volcker Jr. ;
_tArthur F. Burns ;
_tGeorge P. Schultz ;
_tPeter G. Peterson ;
_tOther players: Paul W. McCracken and Henry A. Kissinger --
_tThe weekend.
_tThe wolf at the door ;
_tFriday, August 13 ;
_tSaturday, August 14 ;
_tSunday, August 15 --
_tThe finale.
_tThe aftermath ;
_tThe finishing line ;
_tThe long view ;
_tThe weekend in retrospect.
520 _a"The former dean of the Yale School of Management and Undersecretary of Commerce in the Clinton administration chronicles the 1971 August meeting at Camp David, where President Nixon unilaterally ended the last vestiges of the gold standard--breaking the link between gold and the dollar--transforming the entire global monetary system"--
_cProvided by publisher.
563 _aHB
600 1 0 _aNixon, Richard M.
_q(Richard Milhous),
_d1913-1994.
_98023
600 1 7 _aNixon, Richard M.
_q(Richard Milhous),
_d1913-1994.
_2fast
_0(OCoLC)fst00031384
_98023
648 7 _a1900-1999
_2fast
_925422
650 0 _aMonetary policy
_zUnited States
_xHistory
_y20th century.
_994654
650 0 _aGold standard
_zUnited States
_xHistory
_y20th century.
_994655
650 0 _aDollar
_xHistory
_y20th century.
_994656
650 6 _aPolitique monétaire
_zÉtats-Unis
_xHistoire
_y20e siècle.
_994657
650 6 _aÉtalon-or
_zÉtats-Unis
_xHistoire
_y20e siècle.
_994658
650 6 _aDollar
_xHistoire
_y20e siècle.
_994659
650 7 _aDollar.
_2fast
_0(OCoLC)fst00896433
_994660
650 7 _aEconomic history.
_2fast
_0(OCoLC)fst00901974
650 7 _aEconomic policy.
_2fast
_0(OCoLC)fst00902025
_95666
650 7 _aGold standard.
_2fast
_0(OCoLC)fst00944512
_936913
650 7 _aMonetary policy.
_2fast
_0(OCoLC)fst01025230
_918146
651 0 _aUnited States
_xEconomic conditions
_y1971-1981.
_994661
651 0 _aUnited States
_xEconomic policy
_y1971-1981.
_994662
651 0 _aCamp David (Md.)
_994663
651 6 _aÉtats-Unis
_xConditions économiques
_y1971-1981.
_994664
651 6 _aÉtats-Unis
_xPolitique économique
_y1971-1981.
_994665
651 7 _aMaryland
_zCamp David.
_2fast
_0(OCoLC)fst01269789
_994666
651 7 _aUnited States.
_2fast
_0(OCoLC)fst01204155
655 7 _aHistory.
_2fast
_0(OCoLC)fst01411628
_913777
906 _a7
_bcbc
_ccopycat
_d1
_encip
_f20
_gy-gencatlg
942 _2ddc
_cLC
999 _c590530
_d590530